[Event "FICGS class C 000176 email"]
[Site "FICGS email"]
[Date "2011.05.19"]
[Round "1"]
[White "Ezhov, Sergey"]
[Black "Ward, David J"]
[Result "0-1"]
[WhiteElo "1706"]
[BlackElo "1738"]
[PlyCount "28"]
[EventDate "2011.??.??"]
[EventType "tourn (corr)"]
[EventRounds "4"]
[SourceTitle "Corr 2013"]
[Source "ChessBase"]
[SourceDate "2012.11.12"]
[SourceVersion "1"]
[SourceVersionDate "2012.11.12"]
[SourceQuality "1"]

1. e4 e5 2. Nf3 Nc6 3. Bb5 a6 4. Ba4 Nf6 5. 0-0 b5 6. Bb3 Bb7 7. Re1 Bc5 8. h3 d6 9. c3 Ne7 10. d3 Ng6 11. Bg5 h6 12. Bxf6 Qxf6 13. Nbd2 0-0 14. c4 Nf4 0-1

[Event "FICGS class C 000176 email"]
[Site "FICGS email"]
[Date "2011.05.19"]
[Round "1"]
[White "Ward, David J"]
[Black "Von Buttlar, Paul"]
[Result "0-1"]
[WhiteElo "1738"]
[BlackElo "1749"]
[PlyCount "64"]
[EventDate "2011.??.??"]
[EventType "tourn (corr)"]
[EventRounds "4"]
[SourceTitle "Corr 2013"]
[Source "ChessBase"]
[SourceDate "2012.11.12"]
[SourceVersion "1"]
[SourceVersionDate "2012.11.12"]
[SourceQuality "1"]

1. e4 e6 2. d4 d5 3. Nd2 Nf6 4. e5 Nfd7 5. f4 c5 6. Ngf3 Nc6 7. dxc5 Bxc5 8. Nb3 Bb6 9. c3 0-0 10. Bd3 f6 11. Qe2 fxe5 12. fxe5 Qc7 13. Bxh7+ Kxh7 14. Ng5+ Kg8 15. Nxe6 Qxe5 16. Qxe5 Ndxe5 17. Nxf8 Bf5 18. Rf1 Rxf8 19. a4 Nc4 20. h3 Re8+ 21. Kd1 Bd3 22. Re1 Bc2+ 23. Kxc2 Rxe1 24. a5 N4xa5 25. Nd2 Nc4 26. Ra4 Re2 27. Kd3 Rxg2 28. Nxc4 dxc4+ 29. Kxc4 Rh2 30. Kb3 Rxh3 31. Rf4 Nd4+ 32. Kc4 Ne2 0-1

[Event "FICGS class C 000162 email"]
[Site "FICGS email"]
[Date "2010.11.27"]
[Round "1"]
[White "Bain, Mathieu"]
[Black "Ward, David J"]
[Result "0-1"]
[WhiteElo "1800"]
[BlackElo "1729"]
[PlyCount "58"]
[EventDate "2010.??.??"]
[EventType "tourn (corr)"]
[EventRounds "6"]
[SourceTitle "Corr 2013"]
[Source "ChessBase"]
[SourceDate "2012.11.12"]
[SourceVersion "1"]
[SourceVersionDate "2012.11.12"]
[SourceQuality "1"]

1. e4 e5 2. Nf3 Nc6 3. Bb5 a6 4. Ba4 Nf6 5. 0-0 b5 6. Bb3 Bb7 7. c3 Nxe4 8. Bd5 Nf6 9. Qb3 Nxd5 10. Qxd5 d6 11. Qd3 d5 12. Qe2 Bd6 13. d3 0-0 14. Ng5 Qf6 15. Qh5 h6 16. Nh3 Rae8 17. Bg5 hxg5 18. Nxg5 Qh6 19. g4 Qxh5 20. gxh5 f6 21. Nh3 Kf7 22. f4 Rh8 23. fxe5 Rxe5 24. c4 dxc4 25. dxc4 Bc5+ 26. Kg2 Re2+ 27. Nf2 Nd4+ 28. Kh3 Rxh5+ 29. Kg4 Bf3+ 0-1

[Event "FICGS class D 000159 email"]
[Site "FICGS email"]
[Date "2010.10.26"]
[Round "1"]
[White "Ward, David J"]
[Black "Piantadosi, Angelo"]
[Result "1-0"]
[WhiteElo "1553"]
[BlackElo "1552"]
[PlyCount "33"]
[EventDate "2010.??.??"]
[EventType "tourn (corr)"]
[EventRounds "6"]
[SourceTitle "Corr 2013"]
[Source "ChessBase"]
[SourceDate "2012.11.12"]
[SourceVersion "1"]
[SourceVersionDate "2012.11.12"]
[SourceQuality "1"]

1. e4 e6 2. d4 d5 3. Nd2 dxe4 4. Nxe4 Nd7 5. Nf3 Ngf6 6. Bg5 Be7 7. Bd3 0-0 8. 0-0 Nxe4 9. Bxe7 Qxe7 10. Bxe4 Nf6 11. Bd3 c5 12. Re1 b6 13. c4 Bb7 14. d5 Bxd5 15. cxd5 Nxd5 16. Be4 Rfd8 17. Bxd5 1-0

[Event "FICGS class D 000154 email"]
[Site "FICGS email"]
[Date "2010.07.27"]
[Round "1"]
[White "Oseledchuck, Sergey"]
[Black "Ward, David J"]
[Result "0-1"]
[WhiteElo "1500"]
[BlackElo "1500"]
[PlyCount "32"]
[EventDate "2010.??.??"]
[EventType "tourn (corr)"]
[EventRounds "6"]
[SourceTitle "Corr 2013"]
[Source "ChessBase"]
[SourceDate "2012.11.12"]
[SourceVersion "1"]
[SourceVersionDate "2012.11.12"]
[SourceQuality "1"]

1. e4 e5 2. Nf3 Nc6 3. Bb5 a6 4. Ba4 b5 5. Bb3 Nf6 6. 0-0 Bc5 7. c3 Bb6 8. Bc2 d6 9. h3 0-0 10. d4 h6 11. Be3 Qe7 12. d5 Na5 13. Nbd2 c5 14. Re1 Nb7 15. Nf1 Bd7 16. Ng3 Qd8 0-1

[Event "FICGS class D 000154 email"]
[Site "FICGS email"]
[Date "2010.07.27"]
[Round "1"]
[White "Roncagliolo, Marco"]
[Black "Ward, David J"]
[Result "0-1"]
[WhiteElo "1596"]
[BlackElo "1500"]
[PlyCount "66"]
[EventDate "2010.??.??"]
[EventType "tourn (corr)"]
[EventRounds "6"]
[SourceTitle "Corr 2013"]
[Source "ChessBase"]
[SourceDate "2012.11.12"]
[SourceVersion "1"]
[SourceVersionDate "2012.11.12"]
[SourceQuality "1"]

1. e4 e5 2. Nf3 Nc6 3. Bb5 a6 4. Ba4 Nf6 5. 0-0 b5 6. Bb3 Bb7 7. Re1 Bc5 8. c3 d6 9. d4 Bb6 10. d5 Ne7 11. h3 0-0 12. Nbd2 Ng6 13. Nf1 Bc8 14. Be3 Bd7 15. Bxb6 cxb6 16. Ng3 Nf4 17. Qd2 Qc8 18. Rac1 Bxh3 19. Ng5 Bxg2 20. Nf5 h6 21. Ne7+ Kh8 22. Nxc8 Raxc8 23. Ne6 fxe6 24. dxe6 Ng4 25. e7 Rf6 26. Bd5 Bf3 27. Re3 Nh3+ 28. Kf1 Nh2+ 29. Ke1 Rg6 30. Qc2 Re8 31. Kd2 Rg2 32. Qb3 Rxf2+ 33. Kd3 Nf4# 0-1

[Event "FICGS class D 000154 email"]
[Site "FICGS email"]
[Date "2010.07.27"]
[Round "1"]
[White "Vollmer, Steve"]
[Black "Ward, David J"]
[Result "0-1"]
[WhiteElo "1500"]
[BlackElo "1500"]
[PlyCount "44"]
[EventDate "2010.??.??"]
[EventType "tourn (corr)"]
[EventRounds "6"]
[SourceTitle "Corr 2013"]
[Source "ChessBase"]
[SourceDate "2012.11.12"]
[SourceVersion "1"]
[SourceVersionDate "2012.11.12"]
[SourceQuality "1"]

1. d4 f5 2. c4 Nf6 3. Nc3 e6 4. Nf3 Bb4 5. g3 d6 6. Bg2 0-0 7. 0-0 Nc6 8. a3 Bxc3 9. b3 Bxa1 10. Qc2 Bxd4 11. Qc3 Bxc3 12. Bb2 Bxb2 13. Nd4 Nxd4 14. f4 Ng4 15. e4 Ne2+ 16. Kh1 Bd4 17. exf5 Rxf5 18. c5 Nxg3+ 19. hxg3 Rh5+ 20. Bh3 Rxh3+ 21. Kg2 Rh2+ 22. Kf3 e5 0-1